Gracie Abrams - Full machine (Lyrics) - Statistics

General Stats
  • This quiz has been taken 150 times
  • The average score is 259 of 299
Answer Stats
Answer % Correct
I
100%
a
97%
I'm
97%
if
97%
I'm
97%
you
97%
You
97%
you're
96%
you're
96%
You're
96%
it
96%
to
96%
to,
96%
You're
96%
you're
96%
But
95%
for
95%
full
95%
me
95%
me,
95%
me?
95%
be
93%
go
93%
machine
93%
no
92%
easily
91%
not
91%
I'd
89%
I'll
89%
do
89%
I'd
89%
I'll
89%
that
89%
next
88%
run
88%
trying
88%
when
88%
better
86%
dead-end
86%
say
86%
street
86%
almost
85%
And
85%
asked
85%
rollercoaster
85%
away
84%
eventually
84%
faster
84%
hard
84%
lost
84%
never
84%
stay
84%
the
84%
heal
82%
know
82%
we
82%
'Cause
81%
leave
81%
nice
81%
have
80%
I've
80%
something
80%
while?
80%
you'd
80%
been
78%
can
78%
codependent
78%
don't
78%
fire
78%
one
78%
think
78%
wish
78%
won't
78%
it's
77%
It's
77%
It's
77%
could
76%
talk?
76%
tell
76%
turn
76%
forest
74%
mean
74%
lie
73%
of
69%
shameless
68%
should
68%
always
66%
caller
66%
choose
66%
just
66%
stop
66%
answer
65%
How
65%
probably
65%
tonight
65%
had
62%
breakthrough
61%
forcing
61%
guarantee
61%
now
61%
here
59%
Instead
58%
life
58%
burning
57%
ignoring
57%
before
55%
kerosene
51%
Still,
45%
Well,
38%
No matching quizzes found
Score Distribution
Percent of People with Each Score
Percentile by Number Answered
Your Score History
You have not taken this quiz